000
00236 a2200097 4500
001
36397
100
_a
Kamen, Edward K
245
_a
Introduction to signals & systems
260
_a
New York
_b
Maxwell Macmillan
_c
090
_c
23590
_d
23590
942
_a
NUST-CAE
_c
M
_c
15103
999
_c
271470
_d
271470